Mestský polyfunkčný komplex Cvernovka, Bratislava

Na minha lista:
Detalhes bibliográficos
Autor principal: Ferenčíková, Anna (Author)
Outros Autores: Tóthová, Zuzana (Thesis advisor)
Formato: Manuscrito Livro
Idioma:eslovaco
Publicado em: Bratislava 2017
Assuntos:
Acesso em linha:http://is.stuba.sk/zp/portal_zp.pl?podrobnosti=128270
Tags: Adicionar Tag
Sem tags, seja o primeiro a adicionar uma tag!

MARC

LEADER 00000ntm a22000003a 4500
001 stuzp63599
003 SK-STU
005 20210210093721.4
007 ta
008 150427s2015----xo-----f-mn---000-0-slo-d
040 |a STU  |b slo 
041 0 |a slo 
100 1 |a Ferenčíková, Anna  |u 051110  |4 aut  |U FAD Fakulta architektúry  |T FA Ústav architektúry obytných budov  |X 68156  |U A1110  |Y 392  |7 68156 
242 0 1 |a Urban polyfunctional complex Cvernovka  |y eng 
245 1 0 |a Mestský polyfunkčný komplex Cvernovka, Bratislava 
260 |c 2017  |a Bratislava 
650 4 |a priemyslený areál Cvernovka  |2 slo 
650 4 |a polyfunkčný komplex  |2 slo 
650 4 |a pavlačovo - sekciový objekt  |2 slo 
650 4 |a section - balcony type object  |2 eng 
650 4 |a polyfuncional complex  |2 eng 
650 4 |a industrial area Cvernovka  |2 eng 
700 1 |a Tóthová, Zuzana  |u 051110  |k Z1  |4 ths  |U FAD Fakulta architektúry  |T FA Ústav architektúry obytných budov  |X 389  |U A1110  |Y 392  |7 A000000389 
856 4 |u http://is.stuba.sk/zp/portal_zp.pl?podrobnosti=128270  |u https://opac.crzp.sk/?fn=detailBiblioForm&sid=E7FF18FD4FFD5019D8FFE03CC38C